Analysis of Macroeconomic Fundamentals of V4 Countries and Their Impact on Bond Risk Spreads

Gespeichert in:
Bibliographische Detailangaben
1. Verfasser: Chovancová, Božena
Weitere Verfasser: Árendáš, Peter, 1986-
Format: Buchkapitel
Sprache:Englisch
Schlagworte:
Tags: Tag hinzufügen
Keine Tags, Fügen Sie das erste Tag hinzu!

MARC

LEADER 00000naa$a2200000$$$4500
001 0161018
005 20240502083358.1
041 0 |a eng 
044 |a HR 
245 1 0 |a Analysis of Macroeconomic Fundamentals of V4 Countries and Their Impact on Bond Risk Spreads  |c Božena Chovancová, Peter Árendáš 
500 |a Abstrakt 
610 2 0 |a kríza finančná 
610 2 0 |a dlhopisy 
610 2 0 |a úver 
610 2 0 |a riziko finančné 
610 2 0 |a dlhy štátne 
610 2 0 |a Vyšehradská štvorka 
100 1 |a Chovancová, Božena 
700 1 |a Árendáš, Peter, 1986-